000 00633cam a22002051 4500
001 3113603
005 20180116034616.0
008 711124s1964 nyuac b 000 0 eng
010 _a 64016616
040 _aDLC
_cDLC
_dDLC
041 _aeng
080 _a159.9 WOO
082 _a159.9 WOO
100 1 _a48
101 _aPSI
245 1 0 _aContemporary schools of psychology,
_cby Robert S. Woodworth in collaboration with Mary R. Sheehan.
504 _a"Robert S. Woodworth: a bibliography": p. 391-403. "References and author index": p. 405-440.
906 _a7
_bcbc
_corignew
_du
_eocip
_f19
_gy-gencatlg
942 _2ddc
_cBK
999 _c40334
_d40334